Jupiler Pro League (Belgien) Top 4 - Statistiken

Allgemein
  • Dieses Quiz wurde 268 mal gespielt
  • Das Durchschnittsergebnis liegt bei 15 aus 44
Antwortstatistiken
Antwort % Korrekt
Club Brügge
93%
RSC Anderlecht
90%
SC Anderlechtois
90%
KRC Genk
88%
KSV THOR Waterschei
88%
ARA Gent
87%
ARA La Gantoise
87%
KAA Gent
87%
Royal Antwerp FC
87%
Standard Club de Liège
78%
Royale Union St.-Gilloise
69%
Cercle Brügge
60%
RCS Brügge
60%
ROC Charleroi
47%
Sporting Charleroi
46%
KFC Malines
39%
KV Mechelen
39%
KV Oostende
29%
KSV Waregem
24%
Lierse SK
24%
SV Zulte Waregem
24%
K. Sint-Truidense VV
22%
Oostendensche FC
19%
KSK Beveren
18%
Excelsior Mouscron
16%
Beerschot AC
15%
Germinal Ekeren
15%
Racing Club de Bruxelles
13%
RRC Bruxelles
13%
RWD Molenbeek
13%
KSC Lokeren
12%
RFC Liège
9%
RFC Seraing
9%
SC Eendracht Aalst
4%
Daring Club de Bruxelles
1%
RFC Tilleur
1%
Léopold Club de Bruxelles
1%
Racing Club de Malines
1%
RC Mechelen KM
1%
Sporting Club de Bruxelles
1%
Athletic & Running Club
0%
Berchem Sport
0%
CS Verviétois
0%
K. Beringen FC
0%
Keine übereinstimmenden Quizze gefunden
Verteilung der Resultate
Anzahl Personen mit jedem Resultat
Perzentil nach korrekt beantworteten Fragen
Ihre Resultats-Entwicklung
Sie haben dieses Quiz noch nicht gespielt